[Event "Hum na Sutli op 16th"]
[Site "Hum na Sutli"]
[Date "2024.08.19"]
[Round "4"]
[White "Gombosi, Svit"]
[Black "Kegl, Bojan"]
[Result "0-1"]
[WhiteElo "1533"]
[BlackElo "1919"]
[PlyCount "94"]
[EventDate "2024.08.17"]
[EventType "swiss"]
[EventRounds "9"]
[EventCountry "CRO"]
[SourceTitle "EXT 2025"]
[Source "ChessBase"]
[SourceDate "2024.10.14"]
[SourceVersion "1"]
[SourceVersionDate "2024.10.14"]
[SourceQuality "1"]

1. e4 c5 2. Nf3 d6 3. d4 cxd4 4. Nxd4 Nf6 5. Nc3 a6 6. a3 e5 7. Nf3 b5 8. Bg5 Nbd7 9. Be2 Bb7 10. Bd3 Qc7 11. 0-0 Be7 12. h3 Nb6 13. Re1 0-0 14. Qd2 Rfe8 15. Rad1 Rad8 16. Bxf6 Bxf6 17. Nd5 Nxd5 18. exd5 g6 19. Be4 Bg7 20. c3 Qc4 21. Qe2 Rc8 22. Bd3 Qc5 23. Bc2 Bxd5 24. Qd3 Bxf3 25. Qxf3 Bf8 26. Bb3 Rc7 27. Re3 Kg7 28. Rd5 Qb6 29. Qg3 f5 30. Rf3 f4 31. Qh2 g5 32. g3 Kf6 33. h4 g4 34. Rfd3 f3 35. h5 Rg7 36. Qh4+ Rg5 37. R3d4 h6 38. Rxg4 Qb7 39. Rxg5 hxg5 40. Qg4 Qh7 41. Qxf3+ Qf5 42. Qxf5+ Kxf5 43. h6 Kg6 44. Rd3 Be7 45. Re3 Kxh6 46. f4 Bd8 47. fxe5 Bb6 0-1

[Event "Zalakaros op 23rd"]
[Site "Zalakaros"]
[Date "2004.05.18"]
[Round "5"]
[White "Kegl, Bojan"]
[Black "Kovacs, Zsolt3"]
[Result "0-1"]
[WhiteElo "1980"]
[BlackElo "1835"]
[PlyCount "70"]
[EventDate "2004.05.14"]
[EventType "swiss"]
[EventRounds "9"]
[EventCountry "HUN"]
[SourceTitle "EXT 2008"]
[Source "ChessBase"]
[SourceDate "2007.11.25"]
[SourceVersion "1"]
[SourceVersionDate "2007.11.25"]
[SourceQuality "1"]

1. c4 Nf6 2. Nc3 g6 3. g3 Bg7 4. Bg2 d6 5. d4 Nbd7 6. e3 c5 7. Nge2 0-0 8. 0-0 Rb8 9. b3 a6 10. Bb2 b5 11. cxb5 axb5 12. dxc5 dxc5 13. Qc2 Qb6 14. Rac1 Bb7 15. Nf4 Bxg2 16. Kxg2 Rfc8 17. Qe2 Qb7+ 18. f3 c4 19. Rc2 g5 20. Nh3 g4 21. Ng1 cxb3 22. axb3 Bh6 23. Nd1 Rxc2 24. Qxc2 Rc8 25. Qb1 gxf3+ 26. Kh3 f2 27. Rxf2 Ne4 28. Rf5 Ng5+ 29. Kh4 Qg2 30. Nf2 e6 31. Rf4 Nf8 32. Kh5 Ng6 33. Kxh6 Qxh2+ 34. Kxg5 Rc5+ 35. Kg4 Qh5# 0-1

[Event "Zalakaros op 23rd"]
[Site "Zalakaros"]
[Date "2004.05.16"]
[Round "3"]
[White "Kegl, Bojan"]
[Black "Haszon, David"]
[Result "1-0"]
[WhiteElo "1980"]
[BlackElo "1702"]
[PlyCount "97"]
[EventDate "2004.05.14"]
[EventType "swiss"]
[EventRounds "9"]
[EventCountry "HUN"]
[SourceTitle "EXT 2008"]
[Source "ChessBase"]
[SourceDate "2007.11.25"]
[SourceVersion "1"]
[SourceVersionDate "2007.11.25"]
[SourceQuality "1"]

1. c4 e5 2. Nc3 Nf6 3. g3 d5 4. cxd5 Nxd5 5. Bg2 Be6 6. Nf3 Nc6 7. 0-0 Bc5 8. d3 0-0 9. Ng5 Nxc3 10. bxc3 Bg4 11. Qc2 f6 12. d4 fxg5 13. dxc5 Qf6 14. Qb3+ Kh8 15. f3 Bh5 16. Qxb7 Rfc8 17. Qa6 e4 18. Rb1 Qf5 19. g4 Qxc5+ 20. Kh1 Bg6 21. Ba3 Qd5 22. Rfd1 Qe6 23. Bc5 exf3 24. Bxf3 Bxb1 25. Rxb1 Rab8 26. Rxb8 Rxb8 27. Qxc6 Qxa2 28. Qxc7 Re8 29. Bd4 Rg8 30. Qxa7 Qc2 31. Qe7 Qa2 32. Qxg5 Qc2 33. Qe5 Qg6 34. Qe7 Rb8 35. h4 Re8 36. Bxg7+ Qxg7 37. Qxe8+ Qg8 38. Qxg8+ Kxg8 39. c4 Kg7 40. c5 Kg6 41. c6 Kh6 42. g5+ Kg6 43. c7 Kf5 44. c8Q+ Kf4 45. Qe6 h5 46. Qe4+ Kg3 47. Qe3 Kxh4 48. g6 Kh3 49. Qf2 1-0

[Event "Ljubljana op 14th"]
[Site "Ljubljana"]
[Date "2003.06.24"]
[Round "5"]
[White "Praznik, Niko"]
[Black "Kegl, Bojan"]
[Result "1-0"]
[WhiteElo "2282"]
[BlackElo "2047"]
[PlyCount "74"]
[EventDate "2003.06.21"]
[EventType "swiss"]
[EventRounds "9"]
[EventCountry "SLO"]
[SourceTitle "EXT 2004"]
[Source "ChessBase"]
[SourceDate "2003.11.25"]
[SourceVersion "1"]
[SourceVersionDate "2003.11.25"]
[SourceQuality "1"]

1. e4 c5 2. c3 Nf6 3. e5 Nd5 4. Nf3 Nc6 5. Na3 d6 6. exd6 Qxd6 7. d4 cxd4 8. Nb5 Qb8 9. Nbxd4 Bd7 10. Bc4 e6 11. 0-0 Nb6 12. Bb3 Be7 13. Re1 0-0 14. Qd3 Nxd4 15. Nxd4 Bf6 16. Bc2 g6 17. Bh6 Re8 18. Qf3 Bh8 19. Be4 e5 20. Nf5 Bxf5 21. Bxf5 Nc4 22. Be4 Nd6 23. Bd5 Qc8 24. Rad1 Qf5 25. Qxf5 Nxf5 26. Bg5 h6 27. Bc1 Re7 28. g4 Nh4 29. Bxh6 Bf6 30. Bc1 g5 31. Be4 Rc8 32. Rd6 Kg7 33. Red1 Rcc7 34. Be3 b6 35. f3 Re8 36. Kf2 Rh8 37. Rd7 Rhc8 1-0